00877nam a2200217 a 4500001001000000003000400010005001700014008004100031040002500072082002000097100007100117245004600188260006400234300002100298650003100319651006300350910003700413942001400450952017800464999001700642000032223OSt20240301141636.0110713s1941 dr 000 0 spa d aDO-SdBNPbspacBNPHU 4aRD866.42bM896c1 a Moscoso Puello, F. E., q (Francisco Eujenio)d1885-195995836110aCartas a Evelina /cF. E. Moscoso Puello. aCiudad Trujillo, República Dominicana :bMontalvo,c1941. a224 p. ;c21 cm. 4aCaratas dominicanas977118 4aRepública DominicanaxCaracterísticas nacionales91720 aValidado. Control de calidad MFF 2ddccLBS1 00102ddc718RVaBNPHUbPDcHDd2011-07-13l0oBNPHU PD-RV RD866.42 M896cp32223-10r2020-06-25w2020-06-25yLBS1zPerteneció a la colección personal de Martínez Boog c31714d31714